Statistics for World Capitals Closest to Colombo - 30 Second Sprint

Click here to take the quiz!

General Stats

  • This quiz has been taken 18 times
  • The average score is 10 of 20

Answer Stats

kmcapitalmiles% Correct
2435New Delhi1513
100%
2192Dhaka1362
85%
3065Islamabad1905
85%
772Malé480
77%
2379Bangkok1478
69%
2388Kathmandu1484
69%
2729Singapore1695
69%
2511Thimphu1560
69%
3328Jakarta2068
62%
3202Hanoi1990
46%
2450Kuala Lumpur1522
46%
2260Naypyidaw1404
38%
2795Phnom Penh1737
38%
2755Vientiane1712
38%
3351Abu Dhabi2082
23%
3270Kabul2032
23%
2956Muscat1837
23%
3646Doha2265
15%
3005Victoria1867
15%
3699Dushanbe2298
0%

Score Distribution

Percentile by Number Answered

Percent of People with Each Score

Your Score History

You have not taken this quiz